Widok standardowy
Widok MARC
Pozycja Personal Name
Liczba rekordów, w których użyto hasła: 1
001 - Numer kontrolny
- control field: 39661
003 - Identyfikator numeru kontrolnego
- control field: NUKAT
005 - Data i czas ostatniej modyfikacji
- control field: 20260408133919.0
008 - Dane kontrolne kodowane (40 znaków)
- fixed length control field: 080212n||a|znnaabn |a aaa |c
010 ## - Numer kontrolny Biblioteki Kongresu
- numer kontrolny LC: n 2008041873
040 ## - Instytucja sporządzająca rekord
- inst. przygot. dane do rek. khw: Ł U/AS
- język haseł przedmiotowych/tezaurus: kaba
- inst. wprow. rek. khw: Ł U/AS
- inst. modyf. rek. khw: WA U/BM
043 ## - Kod obszaru geograficznego
- ISO code: PL
100 1# - Hasło - nazwa osobowa
- nazwa osobowa w formie ujednoliconej: Obrębska-Woźniczka, Anna.
370 ## - Associated place
- Country: Polska.
- Auth control #: http://nukat.edu.pl/aut/s 94110000
- Source of term: kaba
372 ## - Field of activity
- Field: Językoznawstwo.
- Auth control #: http://nukat.edu.pl/aut/s 95011478
- Source of term: kaba
372 ## - Field of activity
- Field: Edytorstwo.
- Auth control #: http://nukat.edu.pl/aut/s 95012071
- Source of term: kaba
372 ## - Field of activity
- Field: Filologia polska.
- Auth control #: http://nukat.edu.pl/aut/s 94013239
- Source of term: kaba
373 ## - Associated Group
- Associated group: Uniwersytet Łódzki.
- Auth control #: http://nukat.edu.pl/aut/n 95102510
374 ## - Occupation
- Occupation: Językoznawcy (kobiety).
- Auth control #: http://nukat.edu.pl/aut/s 2020300651
- Source of term: kaba
374 ## - Occupation
- Occupation: Wydawcy.
- Auth control #: http://nukat.edu.pl/aut/s 96011063
- Source of term: kaba
374 ## - Occupation
- Occupation: Polonistki.
- Auth control #: http://nukat.edu.pl/aut/s 2023018045
- Source of term: kaba
375 ## - Gender
- Gender: 2
- Source of term: iso5218
377 ## - Assoc lang
- Lang code: pol
400 1# - Trop zob. - nazwa osobowa
- nazwa osobowa (nazwisko, imiona): Obrębska, Anna.
400 1# - Trop zob. - nazwa osobowa
- nazwa osobowa (nazwisko, imiona): Woźniczka, Anna Obrębska-.
670 ## - Źródło informacji
- źródło informacji: Mechanizmy perswazji i manipulacji / pod red. Grażyny Habrajskiej i Anny Obrębskiej. - Łódź, 2007.
670 ## - Źródło informacji
- źródło informacji: Kp. 9 kroków ku "slow life" / Anna Obrębska-Woźniczka. - Łódź, 2020.
670 ## - Źródło informacji
- źródło informacji: BNPol online
670 ## - Źródło informacji
- źródło informacji: OPI online
- gdzie znaleziono informację: (Katedr Dziennikarstwa i Komunikacji Społecznej, Wydział Filologiczny UŁ)